00834nam a2200169Ia 4500008004100000082001400041100001500055245002400070260003900094300000800133650002200141942001200163999001500175952016000190952015400350952016000504191201s2017 xx 000 0 und d a615.4 MED aMehta, R.M 0aDispensing Pharmacy bVallabh PrakashanaNew Delhic2017 a384 aPharmaceutics - 4 2ddccBK c8359d8359 00102ddc40708DPaPIETbPIETd2019-03-26eKirti Prakashang210.00kIN 3253l1o615.4 MEDpDP636r2023-04-12 00:00:00s2023-03-29v170.10w2019-03-18yBK 00102ddc40708DPaPIETbPIETcR03d2019-03-26eKirti Prakashang210.00kIN 3253l0o615.4 MEDpDP637r2019-12-04 00:00:00v170.10w2019-03-18yREF 00102ddc40708DPaPIETbPIETd2019-03-26eKirti Prakashang210.00kIN 3253l3o615.4 MEDpDP638r2025-04-03 00:00:00s2025-02-20v170.10w2019-03-18yBK